|
|
|
|
| LEADER |
00000nab a2200000 a 4500 |
| 001 |
vtls011116558 |
| 003 |
SK-MaSNL |
| 005 |
20260303142919.0 |
| 008 |
230222|2007 xo |||||||||||||||||slo| |
| 015 |
|
|
|a SNBRB
|
| 035 |
|
|
|a (uuid)1420e49d-1754-4275-9800-0f3c15d4c972
|
| 035 |
|
|
|a (urnnbn)urn:nbn:sk:snk:ar-a08kw3
|
| 035 |
|
|
|a urn:nbn:sk:snk-ab9n30
|
| 040 |
|
|
|a SNKBUCL
|b slo
|c SNKBUCL
|e AACR2
|
| 041 |
0 |
|
|a slo
|
| 044 |
|
|
|a xo
|c SK
|
| 100 |
1 |
|
|a Šeminský, Jaroslav
|4 aut
|9 9772
|
| 245 |
1 |
0 |
|a RIEŠENIE KONŠTRUKTÍVNEHO PROBLÉMU - KLASICKÝ VERZUS EVOLUČNÝ PRÍSTUP
|c Jaroslav Šeminský
|
| 246 |
3 |
|
|a Solving of Constructive Problem - Classical versus Evolutionary Access
|
| 773 |
0 |
|
|t Acta Mechanica Slovaca
|g Roč. 11, č. 1-A (2007), s. 159-164
|
| 954 |
|
|
|a odborná, vedecká literatúra pôvodná (slovenská)
|2 lita
|
| 958 |
|
|
|a OND
|
| 958 |
|
|
|a EUIPO
|
| 958 |
|
|
|a article13
|
| 999 |
|
|
|c 1986830
|d 1988760
|